Budování emoční autonomie

Saved in:
Bibliographic Details
Main Author Lindsay, C., Gibson
Format Electronic eBook
LanguageCzech
Published Portál 2025
Edition1. elektronické vydání
Subjects
Online AccessDostupné v BOOKPORT po přihlášení pomocí eduID
ISBN978-80-262-2357-3
978-80-262-2358-0
978-80-262-2340-5
Physical Description1 online zdroj (272 stran)

Cover

LEADER 00000nam a2200000 i 4500
001 bkp263121279
003 CZ-prgp
005 20251205125817.0
006 m o d
007 cr cn
008 251205s2025 xr o 000 0 cze
020 |a 978-80-262-2357-3  |c 346 Kč  |q (online ; pdf) 
020 |a 978-80-262-2358-0  |c 346 Kč  |q (online ; epub) 
020 |a 978-80-262-2340-5  |c 449 Kč  |q (print) 
040 |a Grada  |b cze  |e rda 
100 1 |a Lindsay, C., Gibson 
245 1 0 |a Budování emoční autonomie  |c Gibson Lindsay C. 
250 |a 1. elektronické vydání 
264 1 |b Portál  |c 2025 
300 |a 1 online zdroj (272 stran) 
336 |a text  |b txt  |2 rdacontent 
337 |a počítač  |b c  |2 rdamedia 
338 |a online zdroj  |b cr  |2 rdacarrier 
520 3 |a Autorka na svou dnes již slavnou knihu Dospělé děti emočně nezralých rodičů navázala publikací, která se ještě více zaměřuje na rozvíjení praktických dovedností toho, jak zvládat neblahý vliv emočně nezralých rodičů a jak psychicky dospět. Cílem je uvědomovat si vlastní pocity a potřeby, odolávat nátlaku, vytvořit si odstup, mít situaci pod kontrolou, dělat vlastní rozhodnutí, vymanit se z pasti sebepochybností a sebeposuzování, cenit si svého vnitřního světa, rozšířit možnosti vlastního sebepojetí bez závislosti na emočně nezralém rodiči. Kniha pomůže pochopit, kdo jsou emočně nezralí lidé, proč jsou takoví, a umožní vidět je objektivněji a s větším soucitem, aniž byste slevovali z toho, co sami nutně potřebujete. Součástí knihy jsou cvičení, abyste rozvíjeli své kompetence dospělých jedinců. Mimo jiné si osvojíte účinné reakce v podobě slov či činů na emočně nezralé rodiče a můžete se inspirovat v Listině práv všech dospělých dětí emočně nezralých rodičů. 
650 0 4 |a Psychologie pro každého 
856 4 0 |u https://www.bookport.cz/AccountSaml/SignIn/?idp=https://shibboleth.utb.cz/idp/shibboleth&returnUrl=/kniha/budovani-emocni-autonomie-15437/  |y Dostupné v BOOKPORT po přihlášení pomocí eduID